| 000 | 00945nam a22002417a 4500 | ||
|---|---|---|---|
| 999 |
_c7839 _d7839 |
||
| 003 | AR-CdUCM | ||
| 008 | 190321b ||||| |||| 00| 0 spa d | ||
| 040 |
_aMUNICIPALIDAD PROVINCIAL DEL CUSCO _cBIBLIOTECA MUNICIPAL DEL CUSCO |
||
| 082 |
_a330.14 / _bF53 |
||
| 100 |
_aFirsoba, S. M. _920384 |
||
| 245 | _aTeorías económicas burguesas del siglo XX / | ||
| 260 |
_aMéxico : _bGrijalbo, _c1967. |
||
| 300 |
_a158 páginas ; _c18 cm. |
||
| 440 |
_aColeección _n70 _92202 |
||
| 505 | _aContenido: La economía política burguesa -- Las teorías economicas revisionistas -- Economía burguesa -- Las teorías económicas de reformismo y del neo-revisionismo -- Crisis de la economía burguesa ... | ||
| 650 |
_aEconomía keynesiana _922170 |
||
| 650 |
_aAspectos sociológicos _922171 |
||
| 650 |
_aCapitalismo _93221 |
||
| 700 |
_aTsaga, V. F. _920388 |
||
| 700 |
_aLaín, José (traductor) _914862 |
||
| 942 |
_2ddc _cLIBROS |
||
| 945 | _aafb | ||